000 003300000a22001450004500
001 005617
003 MACL
040 _aMACL
090 _c17610
_d17609
245 _aBistan e Asifiya
_bRao Manik Vitthal Rao
260 _aMatba Anwar ul Islam Hyderabad,
_c1327
350 _a7.00
650 _aUrdu Literature
942 _k891
_cBook
999 _c17499
_d17499